Infinitely CERN (Запис номер 93710)
[ съкратено ]
| 000 -Лидер | |
|---|---|
| Контролно поле с фиксирана дължина | 01333nam a2200397 c 4500 |
| 003 - Код на организацията, давaща контролен номер | |
| Контролно поле | BLK |
| 005 - Дата и час на последна редакция | |
| Контролно поле | 20180420225521.0 |
| 008 - Елементи от данни с фиксирана дължина | |
| fixed length control field | 180408b bul|||||r ||||||| ||bul|| |
| 010 ## - Наследен системен номер | |
| LC control number | KNG00098519000 |
| 020 ## - Международен стандартен номер на книга ISBN | |
| Международен стандартен номер на книга ISBN | 2-940031-33-9 |
| -- | издат.: Suzanne Hurter |
| 040 ## - Източник на каталожния запис | |
| Идентификатор на билиотеката - собственик на записа | BLK |
| 041 ## - Код за език | |
| Код за езика на текст/звукозапис или на отделно заглавие | Английски |
| Код за езика КДБФ | Английски |
| 072 #7 - Код за тематичната категория | |
| Код организация | bullib |
| Код за тематична категория | Н00 |
| Текст | Общ отдел Н |
| 080 ## - УДК | |
| Текстов определител УДК | Международни научни организации |
| УДК код - определител по УДК | 001:061 |
| УДК определител | :539(4)(091) |
| УДК - код + определител | 001:061:539(4)(091) |
| 139 ## - Редно поле | |
| Редна дума | Infinitely CERN |
| Авторски знак | Inf - I 60 |
| 245 10 - Сведения за заглавието | |
| Заглавие | Infinitely CERN |
| Подзаглавни данни | Memories of fifty years of research |
| 257 ## - Страна на издаване | |
| Страна на създаване/издаване | Швейцария |
| 260 ## - Област на издателските данни | |
| -- | Geneva |
| Име на издателя, разпространителя и проч. | Suzanne Hurter |
| Година на издаване | 2004 |
| 300 ## - Физическа характеристика | |
| Страници | 224 p. |
| Илюстрации и др. | ill. |
| Размери/Мащаб | 26X25 cm |
| 380 ## - Жанр | |
| Жанр | Естествени науки. Математика |
| 500 ## - Общи забележки | |
| Забележка | Glossary. |
| 650 #4 - Допълнително описание по предмет – тема | |
| Основно описание – тема или топоним | Ядрена физика |
| 9 (RLIN) | 256953 |
| 650 #4 - Допълнително описание по предмет – тема | |
| Основно описание – тема или топоним | Научноизследователска работа - Европа |
| 9 (RLIN) | 284447 |
| 651 #4 - Допълнително описание по предмет - топоним | |
| Географско понятие | Европа |
| 9 (RLIN) | 244407 |
| 653 ## - Ключова дума – ненормативна | |
| Ключова дума | Европейска организация за ядрени изследвания |
| 653 ## - Ключова дума – ненормативна | |
| Ключова дума | ЦЕРН |
| 653 ## - Ключова дума – ненормативна | |
| Ключова дума | ядрена физика |
| 653 ## - Ключова дума – ненормативна | |
| Ключова дума | научни изследвания |
| 653 ## - Ключова дума – ненормативна | |
| Ключова дума | история |
| 659 ## - Тематичен бюлетин | |
| Тематичен бюлетин | Н |
| 852 ## - Местоположение | |
| Форматна сигнатура | Цб ІІ 12903 |
| 856 4# - Електронен адрес и достъп | |
| Електронен формат | pdf - файл |
| Път до файла /url/ | |
| 856 4# - Електронен адрес и достъп | |
| Електронен формат | pdf - файл |
| Път до файла /url/ | |
| 942 ## - АРТИКУЛИ | |
| Вид на библиотечния материал | Книги |
| Скрит в OPAC | Не |
| 944 ## - СЪЗДАВАНЕ И РЕДАКЦИЯ на ЗАПИСА | |
| Създаване/Редакция | Създаване |
| Дата на регистрацията/редакция | 07.12.2010 |
| Статус, дата на статуса | ф / |
| Служител, извършил регистрацията/редакцията | Людмила_Стоянова |
| 944 ## - СЪЗДАВАНЕ И РЕДАКЦИЯ на ЗАПИСА | |
| Създаване/Редакция | Редакция |
| Дата на регистрацията/редакция | 13.01.2011 |
| Статус, дата на статуса | ф / |
| Служител, извършил регистрацията/редакцията | |
| 999 ## - СИСТЕМНИ КОНТРОЛНИ НОМЕРА | |
| Koha biblionumber | 93710 |
| Koha biblioitemnumber | 93710 |
| Код за отписване | Код за изгубен артикул | Код за повреда | Коз за рестрикции | Код за отдаване | Артикулен № | Име на библиотеката - собственик | Име на библиотеката, в която се намира в момента | Статус (Текущо местоположение) | Дата на вписване в системата | Местоположение - отдел | Цена в лева | Инвентарен номер | Систематично азбучна сигнатура | Баркод | Номер на екземпляра | Цена в евро | Служебна бележка | Служебен тип на артикула |
|---|---|---|---|---|---|---|---|---|---|---|---|---|---|---|---|---|---|---|
| Не е изгубен | Не е повреден | без рестрикции | ползва се в читалня | 150486 | Регионална библиотека "Любен Каравелов" Русе | Регионална библиотека "Любен Каравелов" Русе | Читалня | 2010-12-03 | Читалня | 20.00 | 120000747884 | Ч 001/I 60 | 120000747884 | 1 | 10.23 | Дост: DA Вид: А N: 22 Дата: 02.12.2010 Дата инв: 21.03.2017 Бележки инв: Ч2017 | Книги |